| 000 | 00654nam a2200193Ia 4500 | ||
|---|---|---|---|
| 003 | OSt | ||
| 005 | 20260523114911.0 | ||
| 008 | 210210b1992 xxu||||| |||| 00| 0 eng d | ||
| 040 | _cAL | ||
| 041 | _aKonkani | ||
| 082 | _a891.461 NAYT | ||
| 100 |
_aNAYAK (Jayanti). _dजयंती नायक _9264447 |
||
| 245 |
_aTalay ukhalli khelyanni: amonechin shigmyachin gitan. _bतळय उखळ्ली खेळयांनी: आमोणेचीं शिगमोचीं गीतां |
||
| 260 |
_aGonya. _bGova Konkani Akademi., _c1992 |
||
| 300 | _axxiii,101 | ||
| 690 |
_aKonkani Poetry _9264448 |
||
| 906 | _a050544 | ||
| 942 |
_2ddc _cBK |
||
| 999 |
_c99230 _d99230 |
||